La obra constituyente del presidente De Gaulle / (Record no. 187265)

MARC details
000 -LEADER
campo de control de longitud fija 01098nam a2200253 i 4500
001 - NÚMERO DE CONTROL
campo de control 187265
003 - IDENTIFICADOR DE NÚMERO DE CONTROL
campo de control SpMaBN
005 - FECHA Y HORA DE LA ÚLTIMA TRANSACCIÓN
campo de control 20250916203037.0
008 - DATOS DE LONGITUD FIJA--INFORMACIÓN GENERAL
campo de control de longitud fija 170522s1972 sp |||| |dspa d
080 ## - NÚMERO DE LA CLASIFICACIÓN DECIMAL UNIVERSAL
Número de la Clasificación Decimal Universal 929:32 Gaulle, Charles de
080 ## - NÚMERO DE LA CLASIFICACIÓN DECIMAL UNIVERSAL
Número de la Clasificación Decimal Universal 32(44)"1958/..."
100 1# - ENTRADA PRINCIPAL--NOMBRE DE PERSONA
Nombre de persona Fraga Iribarne, Manuel,
Fechas asociadas al nombre 1922-2012
9 (RLIN) 193721
245 13 - MENCIÓN DEL TÍTULO
Título La obra constituyente del presidente De Gaulle /
Mención de responsabilidad, etc. Manuel Fraga Iribarne.
260 ## - PUBLICACIÓN, DISTRIBUCIÓN, ETC.
Lugar de publicación, distribución, etc. [Toledo] :
Nombre del editor, distribuidor, etc. Publicaciones del Centro Universitario de Toledo, Universidad Complutense,
Fecha de publicación, distribución, etc. [1972]
300 ## - DESCRIPCIÓN FÍSICA
Extensión 41 p. ;
Dimensiones 20 cm.
490 1# - MENCIÓN DE SERIE
Mención de serie Toledo universitario
594 ## - Nota al título y mención de responsabilidad
Nota al título y mención de responsabilidad En verso de port.: El original fue dado a conocer en una conferencia pronunciada por el autor en el Centro Universitario, dentro del ciclo "Personajes del siglo XX"
600 14 - PUNTO DE ACCESO ADICIONAL DE MATERIA--NOMBRE DE PERSONA
Nombre de persona Gaulle, Charles de,
Fechas asociadas al nombre 1890-1970
9 (RLIN) 56005
651 #7 - PUNTO DE ACCESO ADICIONAL DE MATERIA--NOMBRE GEOGRÁFICO
Nombre geográfico Francia-
Subdivisión general Política y gobierno-
Subdivisión cronológica 1958-1969.
9 (RLIN) 8709
710 2# - ENTRADA AGREGADA--NOMBRE DE ENTIDAD CORPORATIVA
Nombre de entidad corporativa o nombre de jurisdicción como elemento de entrada Universidad Complutense de Madrid.
Unidad subordinada Centro Universitario de Toledo.
9 (RLIN) 162578
830 0# - PUNTO DE ACCESO ADICIONAL DE SERIE-TÍTULO UNIFORME
Título uniforme Toledo universitario
9 (RLIN) 185581
852 ## - LOCALIZACIÓN
Ubicación ES-MaACL
Número de control de estantería L-31614
Holdings
Estatus retirado Estado de pérdida Estado de daño No para préstamo Biblioteca de origen Biblioteca actual Ubicación en estantería Fecha de adquisición Fuente de adquisición Total de préstamos Signatura topográfica completa Código de barras Visto por última vez Precio de reemplazo Tipo de ítem Koha
        Biblioteca del Ateneo de Madrid Biblioteca del Ateneo de Madrid Depósito 2 22/05/2017     L-31614 1197615 23/02/2023 23/02/2023 Libro impreso